[Event "Challenge"]
[Site "http://www.queenalice.com/game.php?id=363322"]
[Date "2008.2.29"]
[Round "-"]
[White "dahora"]
[Black "Aquila"]
[Result "1-0"]
[WhiteElo "2090"]
[BlackElo "1174"]

1. e4 e5 2. Nf3 Nc6 3. Bc4 Nf6 4. Ng5 Rg8 5. Bxf7+ Ke7 6. Bxg8 Nxg8 7. Qh5 Nf6
8. Qf7+ Kd6 9. Nc3 Kc5 10. d3 Ng4 11. Qd5+ Kb4 12. a3# 1-0

[Event "Mais uma???"]
[Site "http://www.queenalice.com/game.php?id=369354"]
[Date "2008.3.11"]
[Round "-"]
[White "dahora"]
[Black "Aquila"]
[Result "1-0"]
[WhiteElo "2143"]
[BlackElo "1203"]

1. e4 e5 2. Nf3 Nc6 3. Bc4 h6 4. d4 Qe7 5. Nc3 Qd6 6. d5 Nd4 7. Nxd4 exd4 8.
Qxd4 Ne7 9. O-O c6 10. e5 Qg6 11. Ne4 d6 12. exd6 Nf5 13. Qe5+ Kd7 14. Nc5+ Kd8
15. dxc6 Nxd6 16. cxb7 Nxb7 17. Nxb7+ Bxb7 18. Rd1+ Kc8 19. Qe8+ Kc7 20. Bf4+
Bd6 21. Qe7+ Kb6 22. Rxd6+ Qxd6 23. Qxd6+ Bc6 24. Be3+ Ka5 25. Qxc6 1-0

[Event "Aquila"]
[Site "http://www.queenalice.com/game.php?id=376949"]
[Date "2008.3.25"]
[Round "-"]
[White "foda"]
[Black "Aquila"]
[Result "1-0"]
[WhiteElo "1452"]
[BlackElo "1173"]

1. e4 e5 2. Bc4 Bc5 3. Qf3 Qf6 4. Qxf6 Nxf6 5. Nf3 Nxe4 6. O-O d6 7. d3 Nxf2 8.
Re1 Nxd3+ 9. Re3 Bxe3+ 10. Kf1 Nxc1 11. Nc3 1-0

[Event "Challenge"]
[Site "http://www.queenalice.com/game.php?id=573163"]
[Date "2009.4.17"]
[Round "-"]
[White "yak1403"]
[Black "Aquila"]
[Result "1-0"]
[WhiteElo "1395"]
[BlackElo "1246"]

1. e3 d5 2. g3 Nf6 3. b4 a6 4. Bb2 Nc6 5. b5 axb5 6. Bxb5 Bd7 7. Ne2 e5 8. O-O
Bd6 9. Bxc6 Bxc6 10. Nc1 O-O 11. d4 exd4 12. Bxd4 Bb5 13. Re1 Ng4 14. Qxg4 g6
15. h4 Bd7 16. Qe2 c5 17. Bb2 Re8 18. Qd2 d4 19. exd4 Rxe1+ 20. Qxe1 Bh3 21.
dxc5 1-0

[Event "Challenge"]
[Site "http://www.queenalice.com/game.php?id=573300"]
[Date "2009.4.17"]
[Round "-"]
[White "Constantino"]
[Black "Aquila"]
[Result "1-0"]
[WhiteElo "1424"]
[BlackElo "1236"]

1. e4 c5 2. f4 e6 3. Nf3 Nc6 4. Nc3 Bd6 5. d4 cxd4 6. Nxd4 e5 7. Nf5 Bb4 8. Bd2
Nf6 9. Bd3 Nd4 10. Nxg7+ Kf8 11. Nh5 exf4 12. Bxf4 Ne6 13. Be5 Be7 14. Bxf6 Bxf6
15. Qg4 d6 16. Nd5 Ng7 17. Qf3 Bxb2 18. Rd1 Nxh5 19. Qxh5 Qa5+ 20. Ke2 Be6 21.
Nf4 1-0

[Event "Challenge"]
[Site "http://www.queenalice.com/game.php?id=573303"]
[Date "2009.4.17"]
[Round "-"]
[White "Justiceseeker"]
[Black "Aquila"]
[Result "1-0"]
[WhiteElo "1401"]
[BlackElo "1256"]

1. c4 c5 2. Nc3 Nf6 3. g3 Nc6 4. Bg2 e5 5. d3 Bd6 6. Nh3 b6 7. a3 Bb7 8. e4 Nd4
9. O-O O-O 10. Bg5 Be7 11. b4 Ng4 12. Bxe7 Qxe7 13. Qxg4 Bc8 14. Qd1 d6 15. Nd5
Qe6 16. Nc7 Qh6 17. Nxa8 1-0

[Event "AUTO-INT-1275"]
[Site "http://www.queenalice.com/game.php?id=573319"]
[Date "2009.4.17"]
[Round "1"]
[White "edgarchiroleo"]
[Black "Aquila"]
[Result "1-0"]
[WhiteElo "1464"]
[BlackElo "1264"]

1. e4 c5 2. Bc4 e6 3. d4 Nc6 4. d5 exd5 5. exd5 Ne5 6. Qe2 Bd6 7. Nf3 Nf6 8.
Nxe5 O-O 9. Ng4 Re8 10. Be3 b6 11. Nc3 Bf4 12. Nxf6+ Qxf6 13. O-O-O d6 14. Qd3
Bf5 15. Qd2 Be5 16. Rde1 Qh4 17. b3 a6 18. g3 Qf6 19. Nd1 Bf4 20. Qc3 Bxe3+ 21.
Rxe3 Qg6 22. Rhe1 f6 23. Bxa6 Rxe3 24. Qxe3 Rxa6 25. Qe7 Ra8 26. Ne3 h6 27. Kb2
Qh5 28. g4 Bxg4 29. Rg1 Re8 30. Nxg4 Rxe7 31. Nxf6+ Kh8 32. Nxh5 Re5 33. Nf4 Rf5
34. Rg4 g5 35. Ng6+ Kg7 36. Ne7 Rxf2 37. h4 h5 38. Re4 g4 39. Nc8 g3 40. Re3 g2
41. Rg3+ Kf6 42. Nxd6 Ke5 43. Nc4+ Kf4 44. Rg5 b5 45. Ne5 Rd2 46. Nd3+ Kf3 47.
d6 Rd1 48. d7 c4 49. d8=Q b4 50. Qd5+ Ke3 51. Rg3+ Kd2 52. Qxg2# 1-0

[Event "AUTO-INT-1275"]
[Site "http://www.queenalice.com/game.php?id=573320"]
[Date "2009.4.17"]
[Round "1"]
[White "Aquila"]
[Black "edgarchiroleo"]
[Result "1/2-1/2"]
[WhiteElo "1256"]
[BlackElo "1450"]

1. d4 d5 2. c4 Nf6 3. Nc3 e6 4. Nf3 Bb4 5. Bd2 Nc6 6. e3 Bxc3 7. Bxc3 Ne4 8. Bd3
Nxc3 9. bxc3 Na5 10. Qa4+ Nc6 11. Ne5 Bd7 12. Qc2 Nxe5 13. dxe5 Bc6 14. O-O Qg5
15. e4 Qxe5 16. exd5 exd5 17. Rae1 f6 18. cxd5 Bxd5 19. c4 Be6 20. Rxe5 fxe5 21.
Re1 O-O 22. Bxh7+ Kh8 23. Rxe5 Rf6 24. Rh5 Bf7 25. Bg6+ Kg8 26. Bxf7+ Kxf7 27.
Qb3 Re8 28. h3 Re1+ 29. Kh2 b6 30. Qc3 Re2 31. f3 Rg6 32. h4 Rexg2+ 33. Kh1 Rg1+
34. Kh2 R1g2+ 35. Kh1 Rg1+ 36. Kh2 R1g2+ 37. Kh1 1/2-1/2

[Event "AUTO-INT-1275"]
[Site "http://www.queenalice.com/game.php?id=573337"]
[Date "2009.4.17"]
[Round "1"]
[White "Aquila"]
[Black "ponfarr"]
[Result "0-1"]
[WhiteElo "1206"]
[BlackElo "1362"]

1. d4 d5 2. c4 Nf6 3. Nc3 Bg4 4. Bf4 Nc6 5. Nf3 Ne4 6. Ne5 f6 7. Nxg4 e5 8. dxe5
Bb4 9. cxd5 Nxe5 10. Nxe5 fxe5 11. Qa4+ c6 12. Qxb4 exf4 13. Qxe4+ Qe7 14. Qxf4
Rf8 15. Qe4 Rf7 0-1

[Event "AUTO-INT-1275"]
[Site "http://www.queenalice.com/game.php?id=573338"]
[Date "2009.4.17"]
[Round "1"]
[White "ponfarr"]
[Black "Aquila"]
[Result "1-0"]
[WhiteElo "1351"]
[BlackElo "1217"]

1. e4 c5 2. Nf3 e6 3. d4 Nc6 4. d5 Na5 5. Nbd2 exd5 6. exd5 Nf6 7. Nc4 d6 8. Bf4
g6 9. b3 b5 10. Nxa5 Qxa5+ 11. Bd2 Qb6 12. c4 Bg7 13. Bc3 O-O 14. Ng5 b4 15. Bb2
Bf5 16. Bd3 1-0

[Event "AUTO-INT-1275"]
[Site "http://www.queenalice.com/game.php?id=573339"]
[Date "2009.4.17"]
[Round "1"]
[White "Aquila"]
[Black "jazz28"]
[Result "0-1"]
[WhiteElo "1227"]
[BlackElo "1500"]

1. d4 d5 2. Nc3 Nf6 3. h3 Nc6 4. Nf3 Bf5 5. e3 a6 6. Bd3 Bxd3 7. Qxd3 Nb4 8. Qe2
e6 9. a4 Bd6 10. b3 O-O 11. Bd2 Nxc2+ 12. Kd1 Nxa1 13. b4 Bxb4 14. Na2 Bxd2 15.
Nxd2 Qd7 16. Qd3 Qxa4+ 17. Ke2 Qxa2 18. Rd1 b6 19. Ke1 c5 20. Nf3 Ne4 21. Qf1
Nc2+ 22. Ke2 Nxd4+ 23. Kd3 Qc2# 0-1

[Event "AUTO-INT-1275"]
[Site "http://www.queenalice.com/game.php?id=573340"]
[Date "2009.4.17"]
[Round "1"]
[White "jazz28"]
[Black "Aquila"]
[Result "0-1"]
[WhiteElo "1564"]
[BlackElo "1227"]

1. e4 e5 2. Nf3 Nc6 3. Bc4 Nf6 4. Nc3 d6 5. d3 b6 6. Bg5 Be7 7. Bxf6 Bxf6 8. Nd5
Bb7 9. c3 Na5 10. Nxf6+ Qxf6 11. Bb3 O-O 12. O-O Rac8 13. Re1 c5 14. Ba4 Bc6 15.
a3 b5 16. Bc2 a6 17. b4 Nb7 18. a4 c4 19. axb5 axb5 20. dxc4 bxc4 21. Qe2 Bb5
22. Ba4 Bxa4 23. Rxa4 Nd8 24. b5 Ne6 25. Rxc4 Qg6 26. Nh4 Qg5 27. Nf5 Nf4 28.
Qf1 Rxc4 29. Ne7+ Kh8 30. Kh1 Rxc3 31. g3 Nd3 32. Nd5 Rc1 33. Rxc1 Nxc1 34. b6
Rb8 35. Qh3 Ne2 36. b7 Qc1+ 37. Kg2 Qg1+ 38. Kf3 Nd4+ 39. Ke3 Qe1+ 40. Kd3 Qe2+
41. Kc3 Qc2+ 42. Kb4 Rxb7+ 43. Ka3 Qb3# 0-1

[Event "Let's Play Chess!"]
[Site "http://www.queenalice.com/game.php?id=1399617"]
[Date "2015.12.21"]
[Round "-"]
[White "carlosufpe"]
[Black "Aquila"]
[Result "1-0"]
[WhiteElo "1709"]
[BlackElo "1194"]

1. d4 d5 2. e3 Nf6 3. c4 b6 4. cxd5 Nxd5 5. Nf3 e6 6. Bc4 Bb7 7. Bxd5 Qxd5 8.
O-O Nc6 9. Nc3 Qh5 10. Ne5 Nxe5 11. Qxh5 g6 12. Qxe5 Rg8 13. Qxc7 1-0

[Event "Let's Play Chess!"]
[Site "http://www.queenalice.com/game.php?id=1399618"]
[Date "2015.12.21"]
[Round "-"]
[White "Aquila"]
[Black "carlosufpe"]
[Result "0-1"]
[WhiteElo "1196"]
[BlackElo "1707"]

1. e4 d6 2. d4 Nf6 3. e5 dxe5 4. dxe5 Qxd1+ 5. Kxd1 Ng4 6. Ke1 Nxe5 7. Nc3 c6 8.
b3 Bf5 9. Bd3 Bxd3 10. cxd3 Nxd3+ 11. Ke2 Nxc1+ 12. Rxc1 e6 0-1